000 01770nam a2200253Ia 4500
003 CO-CtgCURN
005 20250411163855.0
008 190723s9999 xx 000 0 und d
020 _a958676088X
040 _aCO-CtgCURN
_bspa
_ccoctgcurn
082 _a344.041
_bC355r
100 _aCastro de Arenas, Rosa Herminia
245 0 _aLa revolucion genetica y sus implicaciones etico juridicas /
_cRosa Herminia Castro de Arenas
260 _aBogotá, Colombia :
_bEdiciones Doctrina y Ley,
_c1999
300 _a267 páginas ;
_c20 centímetros
504 _aIncluye referencias bibliográficas (p. 263-267)
505 _aAvances cientificos en reproducción humana con asistencia cientifica -- Grandes logros --Marco general de estos grandes cambios -- La estabilidad perdida -- El derecho como un obstaculo paa el cambio -- Las patentes y la vida -- Genetica y derecho -- Elementos para una discusion -- Las discusiones eticas y juridicas y los mercaderes de al lado -- Anexo 1. Declaracion universal sobre el genoma humano y los derechos humanos -- Anexo 2. declaracion universal de los derechos humanos de las generaciones futuras -- Anexo 3. Decision 391. régimen comun sobre acceso a los recursos geneticos -- Anexo 4. Decreto numero 1546 de 1998 -- Anexo 5. Consejo de Estado. Sala de consulta. Consejero ponente Dr. Cesar Slazar Hoyos. Ref. Recursos geneticos. régimen jurídico del dominio sobre ellos -- Anexo 6. Proceso de clonacion de Dolly
521 _aAREA PROFESIONAL
590 _aPrograma de Derecho_18
650 _aGenetica humana
_xAspectos legales
942 _cBK
_h344.041
_iC355r
_2ddc
_n0
999 _c28677
_d28677